| 000 | 00843nam a22001337a 4500 | ||
|---|---|---|---|
| 040 | _cRUA | ||
| 082 | _aAGR KHO 2009 B040 Or.1 | ||
| 100 | _aKHOY, RADA. | ||
| 245 | _aEffect of liming on soil pH, available phosphorus and chinese cabbage's yield in svay chrum district svay rieng province ឥទ្ធិពលនៃការប្រើប្រាស់កំបោរលើប៉េហាស់ដីកំរិតរលាយរបស់ផូស្វ័រនៅក្នុងដី និងទិន្នផលដំណាំស្ពៃក្រញាញ់នៅស្រុកស្វាយជ្រុំខេត្តស្វាយរៀង | ||
| 260 |
_aPhnom Penh _bRUA _c2009 |
||
| 300 |
_axiii, 54p. _bill. _c29cm. |
||
| 856 | _uhttps://drive.google.com/file/d/1g-9X2ThJoMKEv58qgc5ubxJQAtg5Wum1/view?usp=sharing | ||
| 942 | _cAGR | ||
| 999 |
_c942 _d942 |
||